00431nam a2200109Ia 4500008004100000050002400041100002200065245009300087260008600180300002800266521002700294140724s9999 xx 000 0 und d aTK 3001b.N753 2012 aNobleza, Natasha. aAutomated reservation and billing system of Severina Travel Services /cNatasha Nobleza. aLas Piñas, Philippines :bSouthville International School and Colleges,cc2012. a87 p. :bill. ;c28 cm. aInformation Technology